Liberecký kraj - obce nad 5 tisíc obyvatel - Statistics

General Stats
  • This quiz has been taken 578 times
  • The average score is 10 of 15
Answer Stats
Počet obyvatel Obec % Correct
99 519 Liberec
100%
44 536 Jablonec nad Nisou
97%
36 385 Česká Lípa
89%
14 023 Turnov
84%
8 380 Semily
81%
11 744 Nový Bor
72%
7 424 Frýdlant
71%
6 169 Tanvald
63%
7 596 Hrádek nad Nisou
57%
5 890 Železný Brod
55%
6 407 Mimoň
50%
5 377 Jilemnice
46%
6 124 Chrastava
45%
5 096 Doksy
39%
5 402 Lomnice nad Popelkou
30%
No matching quizzes found
Score Distribution
Percent of People with Each Score
Percentile by Number Answered
Your Score History
You have not taken this quiz